| 000 | 00893nam a22002177a 4500 | ||
|---|---|---|---|
| 999 |
_c10151 _d10151 |
||
| 003 | AR-CdUCM | ||
| 008 | 190329b ||||| |||| 00| 0 spa d | ||
| 040 |
_aMUNICIPALIDAD PROVINCIAL DEL CUSCO _cBIBLIOTECA MUNICIPAL DEL CUSCO |
||
| 082 |
_22ed. _a985.22 / _bB25 / 1957 |
||
| 100 |
_aBarra, Felipe de la _912561 |
||
| 245 | _aMonografía histórica del Real Felípe del Callao y guía del Museo Histórico Militar / | ||
| 260 |
_aCallao : _bColegio Militar Leoncio Prado, _c1957. |
||
| 300 |
_a78 páginas ; _bilustraciones, planos plegables, _c21 cm. |
||
| 440 |
_aPublicaciones del Centro de Estudios Histórico-Militares del Perú. _926841 |
||
| 505 | _aContenido: El Real Felípe del Callao -- El museo histórico - Militar -- Salas del museo. | ||
| 650 |
_aHistoria _9136 |
||
| 650 |
_aPerú _935 |
||
| 650 |
_aCastillo del Real Felípe _926842 |
||
| 942 |
_2ddc _cLIBROS |
||
| 945 | _aachl | ||